| 000 | 00917nam a2200265 4500 | ||
|---|---|---|---|
| 003 | MX-MxINE | ||
| 005 | 20260530115315.0 | ||
| 008 | 260504b2014 mx a|||| |||| 00| 0 SPA d | ||
| 020 | _a9786076181232 | ||
| 040 |
_aICI _bspa _cICI _erda |
||
| 041 | _aspa | ||
| 050 | 4 |
_aNK2115 _bG87 2014 |
|
| 100 | 1 |
_aGutiérrez, Manel Couto, _eautor _933445 |
|
| 245 | 1 | 0 |
_a200 tips últimas tendencias en iluminación / _c[textos, Manel Gutierrez] |
| 246 | 3 | 0 | _aDoscientos tips últimas tendencias en iluminación |
| 264 | 1 |
_aNaucalpan, Edo. de México : _bAdvanced Marketing, _c2014 |
|
| 300 |
_a255 páginas : _bilustraciones |
||
| 336 |
_2rdacontent _atexto |
||
| 337 |
_2rdamedia _asin medio |
||
| 338 |
_2rdacarrier _avolumen |
||
| 500 | _a"Numen arte a través del tiempo" | ||
| 650 | 4 |
_aIluminación de interiores _xDiseño _933446 |
|
| 650 | 4 |
_aDecoración de interiores _ySiglo XX _933447 |
|
| 942 |
_2lcc _n1 _cBK |
||
| 999 |
_c13539 _d13539 |
||